La enseñanza por correspondencia

I tiakina i:
Ngā taipitopito rārangi puna kōrero
Kaituhi matua: Erdos, Renée (Author)
Hōputu: Pukapuka
Reo:Pāniora
I whakaputaina: Madrid Oficina de Educación Iberoamericana 1976
Madrid CEAC 1976
Madrid UNESCO 1976
Putanga:2a. ed
Rangatū:Educación y Enseñanza. Serie Enseñanza a Distancia
Ngā marau:
Ngā Tūtohu: Tāpirihia he Tūtohu
Kāore He Tūtohu, Me noho koe te mea tuatahi ki te tūtohu i tēnei pūkete!

MARC

LEADER 00000nam a2200000 a 4500
001 UCU0636
003 CL-VaPUC
008 960322e19760000SP |||||||||||||||||spa|d
082 0 4 |a 374.4  |b ERD  |2 21 
100 0 |a Erdos, Renée  |e author  |9 355982 
245 1 3 |a La enseñanza por correspondencia 
250 |a 2a. ed 
300 |a 214 p 
942 |c BK 
945 |d 19960322 00:00:00  |a paguirre 
260 |a Madrid  |b Oficina de Educación Iberoamericana  |c 1976 
260 |a Madrid  |b CEAC  |c 1976 
260 |a Madrid  |b UNESCO  |c 1976 
650 0 |a Educación a distancia   |9 308343 
650 7 |a CURSOS POR CORRESPONDENCIA  |2 CL-VaPUC  |9 354734 
650 0 |a Métodos de enseñanza  |9 270413 
583 |a last modification  |c 20130414 10:14:44  |k Rodrigo Vera 
490 0 |a Educación y Enseñanza. Serie Enseñanza a Distancia 
999 |c 245475  |d 245473 
952 |0 0  |1 0  |4 0  |6 374_400000000000000_ERD_1976_1976_1976  |7 0  |8 P  |9 259991  |a BIBEDU  |b BIBEDU  |c BIBEDU_PB  |d 2019-11-19  |i 1635751  |o 374.4 ERD 1976 1976 1976  |p 1635751  |r 2024-01-25  |w 2019-11-19  |y BK  |k EDU